000 00705nam a2200181Ia 4500
008 090123s9999 xx 000 0 und d
082 _b39543
100 _aत्रिभुवन शैलेश
245 _aसाहित्य सम्राट अण्णा भाऊ साठे
250 _a0
260 _bपायल प्रकाशन
_c2006
300 _a150
600 _aत्रिभुवन शैलेश
630 _aसाहित्य सम्राट अण्णा भाऊ साठे
700 _aत्रिभुवन शैलेश
730 _aसाहित्य सम्राट अण्णा भाऊ साठे
942 _cBOOK
999 _c77613
_d77613